| 000 | 01217cam a2200301 a 4500 | ||
|---|---|---|---|
| 001 | 3841824 | ||
| 003 | EG-ScBUE | ||
| 005 | 20250611100648.0 | ||
| 008 | 871028s2003 enka f b 001 0 eng d | ||
| 020 | _a9780199552757 | ||
| 040 |
_aDLC _beng _erda _cDLC _dDLC _dOCoLC _dDLC _dEG-ScBUE |
||
| 082 | 0 | 4 |
_a535.3325 _222 _bSPE |
| 100 | 1 |
_aSpence, John C. H., _eauthor. _93518 |
|
| 245 | 1 | 0 |
_aHigh-resolution electron microscopy / _cJohn C.H. Spence, Department of Physics and Astronomy, Arizona State University. |
| 250 | _aThird edition. | ||
| 264 |
_aOxford : _bOxford University Press, _c2003. |
||
| 300 |
_axii, 401 pages : _billustrations ; _c25 cm. |
||
| 336 |
_2rdacontent _atext _btxt |
||
| 337 |
_aunmediated _2rdamedia _bn |
||
| 338 |
_avolume _bnc _2rdacarrier |
||
| 490 | 0 |
_aMonographs on the physics and chemistry of Materials ; _v60 |
|
| 504 | _aIncludes bibliographical references and index. | ||
| 650 | 7 |
_aHigh resolution electron microscopy. _2BUEsh _93520 |
|
| 655 | _vReading book | ||
| 856 | 4 | 2 |
_3Publisher description _uhttp://www.loc.gov/catdir/enhancements/fy0640/87031300-d.html |
| 856 | 4 | 1 |
_3Table of contents only _uhttp://www.loc.gov/catdir/enhancements/fy0640/87031300-t.html |
| 942 |
_2ddc _cBB |
||
| 999 |
_c11261 _d11261 |
||